000 00840nam a2200193Ii 4500
003 JO-AjNU
008 230605s9999||||xx |||||||||||||| ||und||
040 _aJO-AjNU
_bara
_erda
_cJO-AjNU
041 _aara
050 1 4 _aHV41 .K422 1984
100 3 _aتاليف: خاطر، احمد مصطفى,
_eauthor
_98754
245 0 0 _aطريقة تنظيم المجتمع : مدخل لتنمية المجتمع المحلي-استراتيجيات وأدوار المنظم الاجتماعي
264 3 1 _aالاسكندرية: المكتب الجامعي الحديث، 1984
300 _a336ص
_bيحتوي على ببلوغرافية من 323-336ص
336 _atext
_btxt
_2rdacontent
337 _aunmediated
_bn
_2rdamedia
338 _avolume
_bnc
_2rdacarrier
650 4 _aالتنمية الاجتماعية - تنظيم المجتمع
_98755
999 _aA950
_c4518
_d4518